000 00335nam a22001457a 4500
003 OSt
008 240130b |||||||| |||| 00| 0 eng d
020 _a9781603241067
082 _a004 BAM
100 _aBASHIR,Imran
245 _aMastering Blockchain
260 _aUK
_bPackt Publishing Ltd
_c2020
300 _a783
942 _2ddc
_cBK
999 _c12207
_d12207